000 00851nam a2200253Ia 4500
003 OSt
005 20220918163156.0
006 a|||||r|||| 00| 0
007 ta
008 220917b |||||||| |||| 00| 0 eng d
020 _a9.78075E+12
_c4460.39
024 _a252,801
037 _b10-09339, 02/02/2011, Atlantic Publisher & Dist.Pvt.Ltd.
_cTextual
040 _aARTS
_cARTS
_beng
041 _2eng
_aeng
082 _aV231.N1, P7
100 _aKidambi Prashant
_911729
245 0 _aMaking of an Indian metropolis
_b Colonial governance and public culture in Bombay 1890-1920
260 _aNew York
_bAshgate USA
_c2007
490 _aHistorical urban studies
650 _aHISTORY
942 _hV231.N1, P7
_cTEXL
_2CC
999 _c118189
_d118189